[Event "23rd International Grunwald Cup (blind)"]
[Site "Dadaj"]
[Date "2008.09.26"]
[Round "6.7"]
[White "Clemente Llamero, Roberto"]
[Black "Wassin, Sergej"]
[Result "0-1"]
[WhiteElo "2097"]
[BlackElo "2325"]
[PlyCount "84"]
[EventDate "2008.??.??"]

1. e4 c5 2. Nf3 Nc6 3. d4 cxd4 4. Nxd4 Qb6 5. Nb3 Nf6 6. Nc3 e6 7. a3 a6 8. Bf4
e5 9. Be3 Qc7 10. Be2 d6 11. g4 h6 12. h4 Be6 13. Rg1 Nd7 14. Qd2 O-O-O 15.
O-O-O Na5 16. Nxa5 Qxa5 17. Kb1 Kb8 18. Qc1 Qc7 19. Nd5 Bxd5 20. exd5 Rc8 21.
Bd3 Nc5 22. Bf5 Re8 23. h5 Be7 24. c3 Bf6 25. Qc2 b5 26. f3 Ka8 27. c4 Rb8 28.
Rg2 b4 29. Bxc5 Qxc5 30. Qa4 Ka7 31. axb4 Rxb4 32. Qd7+ Rb7 33. Qc6 Qb4 34. c5
e4 35. cxd6 Bxb2 36. Kc2 Qb3+ 37. Kd2 Qd3+ 38. Ke1 Bc3+ 39. Kf2 Rb2+ 40. Kg3
Qxf3+ 41. Kh4 Bf6+ 42. g5 hxg5+ 0-1

[Event "23rd International Grunwald Cup (blind)"]
[Site "Dadaj"]
[Date "2008.09.26"]
[Round "6.8"]
[White "Salamon, Jan"]
[Black "Zoltek, Tadeusz"]
[Result "0-1"]
[WhiteElo "1889"]
[BlackElo "2218"]
[PlyCount "110"]
[EventDate "2008.??.??"]

1. Nf3 c5 2. c4 g6 3. g3 Bg7 4. Bg2 Nc6 5. Nc3 e6 6. O-O Nge7 7. d3 O-O 8. Bd2
h6 9. Rb1 d5 10. cxd5 exd5 11. e4 Nb4 12. Nxd5 Nbxd5 13. exd5 Nxd5 14. a3 Bf5
15. Qb3 Nb6 16. Ne1 c4 17. Qd1 Qd7 18. Qf3 cxd3 19. Qxb7 Qxb7 20. Bxb7 Nc4 21.
Nf3 Rab8 22. Ba6 Nxd2 23. Nxd2 Rxb2 24. Nc4 Rxb1 25. Rxb1 d2 26. Rd1 Bc3 27.
Ne3 Be6 28. Bc4 Bxc4 29. Nxc4 Re8 30. Ne3 Re4 31. Kg2 Ra4 32. Nc2 Ba5 33. Kf3
Rc4 34. Ne3 Rc3 35. Ke2 Rxa3 36. Nc4 Ra2 37. Nxa5 Rxa5 38. Rxd2 h5 39. h4 Re5+
40. Kf3 Kg7 41. Rd7 a5 42. Ra7 Rf5+ 43. Kg2 Kf6 44. Kf1 Ke6 45. Ra6+ Kd7 46.
Ke2 Kc7 47. Ke3 Kb7 48. Rd6 a4 49. Rd4 Ra5 50. Rd7+ Kc6 51. Rxf7 a3 52. Rf6+
Kd7 53. Rxg6 a2 54. Rg7+ Ke8 55. Rg5 a1=Q 0-1

[Event "23rd International Grunwald Cup (blind)"]
[Site "Dadaj"]
[Date "2008.09.26"]
[Round "6.9"]
[White "Mueller, Manfred"]
[Black "Vela Ignacio, Jose Manuel"]
[Result "1/2-1/2"]
[WhiteElo "2116"]
[BlackElo "2103"]
[PlyCount "98"]
[EventDate "2008.??.??"]

1. e4 c5 2. Nf3 Nf6 3. e5 Nd5 4. c4 Nb6 5. Nc3 Nc6 6. d4 cxd4 7. Nxd4 e6 8.
Nxc6 dxc6 9. Qxd8+ Kxd8 10. Be3 Bb4 11. O-O-O+ Nd7 12. Ne4 Ke7 13. a3 Ba5 14.
b4 Bc7 15. f4 a5 16. b5 cxb5 17. cxb5 Bb6 18. Rxd7+ Bxd7 19. Bxb6 Rac8+ 20.
Bc5+ Rxc5+ 21. Nxc5 Rc8 22. a4 Rxc5+ 23. Kb2 f6 24. exf6+ Kxf6 25. Bd3 h6 26.
Rf1 Ke7 27. Rf3 e5 28. Re3 Kf6 29. f5 b6 30. Rg3 Be8 31. Bc2 Bf7 32. Rd3 Bd5
33. Rg3 Bf7 34. Rg4 Rc4 35. Rg3 Rc5 36. Rd3 Bd5 37. Bb1 e4 38. Rg3 Rc7 39. Rg6+
Ke5 40. Rxb6 e3 41. Bd3 Bc4 42. Bxc4 Rxc4 43. Rc6 Rxa4 44. Re6+ Kd4 45. Kc2 Rb4
46. b6 a4 47. Rg6 Rc4+ 48. Kd1 Kd3 49. Rd6+ Kc3 1/2-1/2

[Event "23rd International Grunwald Cup (blind)"]
[Site "Dadaj"]
[Date "2008.09.26"]
[Round "6.10"]
[White "Wojcieszyn, Zdzislaw"]
[Black "Kardasz, Wladyslaw"]
[Result "1-0"]
[WhiteElo "2100"]
[BlackElo "1928"]
[PlyCount "43"]
[EventDate "2008.??.??"]

1. c4 e5 2. Nc3 Nc6 3. Nf3 d6 4. d4 exd4 5. Nxd4 Bd7 6. g3 Nxd4 7. Qxd4 Qf6 8.
Qe4+ Ne7 9. Nd5 Qe5 10. Qxe5 dxe5 11. Nxc7+ Kd8 12. Nxa8 Bc6 13. Rg1 Kc8 14.
Be3 Kb8 15. O-O-O g6 16. Rd8+ Nc8 17. Bg2 Bxg2 18. Rxg2 Bg7 19. Rxh8 Bxh8 20.
Rg1 Kxa8 21. Rd1 Bf6 22. f4 1-0

[Event "23rd International Grunwald Cup (blind)"]
[Site "Dadaj"]
[Date "2008.09.26"]
[Round "6.11"]
[White "Sargalski, Andrzej"]
[Black "Ivchenko, Anatoly"]
[Result "0-1"]
[WhiteElo "1943"]
[BlackElo "2066"]
[PlyCount "118"]
[EventDate "2008.??.??"]

1. e4 c6 2. Nc3 d5 3. d4 dxe4 4. Nxe4 Nd7 5. Bc4 Ngf6 6. Ng5 e6 7. Qe2 Nb6 8.
c3 Nxc4 9. Qxc4 h6 10. N5f3 Bd6 11. Ne2 O-O 12. O-O Qc7 13. h3 b6 14. Re1 Bb7
15. Be3 a5 16. Qd3 Rad8 17. Qd2 Nh7 18. Rad1 Rfe8 19. Qc1 c5 20. dxc5 Bxc5 21.
Bxc5 Qxc5 22. Qf4 Nf6 23. Ne5 Qb5 24. Rxd8 Rxd8 25. b3 Qd5 26. Nf3 Ne4 27. Qe5
Qxe5 28. Nxe5 Ba6 29. c4 Rd2 30. f3 Nc5 31. Nc3 f6 32. Ng4 Rc2 33. Ne4 Nxe4 34.
Rxe4 Kf7 35. Rd4 Ke7 36. c5 Rxc5 37. Rd2 f5 38. Ne3 f4 39. Ng4 h5 40. Nf2 Rc1+
41. Kh2 Re1 42. Rc2 Re2 43. Rc7+ Kd6 44. Ra7 Rxf2 45. Rxa6 Kc6 46. Ra7 Rxa2 47.
Rxg7 Rb2 48. Rg5 Rxb3 49. Rxh5 a4 50. Rh8 Rb5 51. Rc8+ Kd6 52. Rc4 Ra5 53. Rxf4
a3 54. Rd4+ Ke5 55. Rd1 a2 56. Ra1 b5 57. h4 b4 58. h5 b3 59. h6 b2 0-1

[Event "23rd International Grunwald Cup (blind)"]
[Site "Dadaj"]
[Date "2008.09.26"]
[Round "6.12"]
[White "Bakalarczyk, Wlodzimierz"]
[Black "Renkowski, Piotr"]
[Result "1-0"]
[WhiteElo "2001"]
[BlackElo "1622"]
[PlyCount "83"]
[EventDate "2008.??.??"]

1. d4 d5 2. c4 e5 3. e3 dxc4 4. Bxc4 exd4 5. Nf3 Nf6 6. O-O Bd6 7. exd4 O-O 8.
h3 h6 9. Nc3 Nc6 10. Nb5 Bf5 11. a3 Re8 12. Be3 Be6 13. Qc2 Bxc4 14. Qxc4 Nd5
15. Nxd6 Qxd6 16. Bd2 Nb6 17. Qc5 Rad8 18. Bc3 Qxc5 19. dxc5 Na4 20. Rac1 Nxc3
21. Rxc3 Ne5 22. Nxe5 Rxe5 23. Rfc1 Re2 24. R1c2 Rdd2 25. Rxd2 Rxd2 26. Rb3 b6
27. cxb6 cxb6 28. Rb5 Kf8 29. a4 Rd6 30. a5 Ke7 31. axb6 Rxb6 32. Ra5 a6 33.
Kf1 Kd6 34. Ra3 Kc7 35. Rf3 f6 36. b3 Kb7 37. Ke2 Rd6 38. h4 Kb6 39. Rf5 g6 40.
Rf4 Kb5 41. g3 f5 42. h5 1-0

[Event "23rd International Grunwald Cup (blind)"]
[Site "Dadaj"]
[Date "2008.09.26"]
[Round "6.14"]
[White "Boese, Artur"]
[Black "Staruch, Roman"]
[Result "1-0"]
[WhiteElo "1943"]
[BlackElo "2036"]
[PlyCount "62"]
[EventDate "2008.??.??"]

1. Nf3 Nf6 2. g3 d5 3. Bg2 c5 4. O-O Nc6 5. d3 e5 6. c4 d4 7. Bd2 Be7 8. Na3
O-O 9. Nc2 Bf5 10. Rb1 h6 11. b4 e4 12. Nfe1 Ne5 13. bxc5 exd3 14. exd3 Nxd3
15. Bxb7 Rb8 16. Nxd3 Bxd3 17. Re1 Bxc5 18. Bf4 Bxc2 19. Qxc2 Bd6 20. Bxd6 Qxd6
21. c5 Qc7 22. c6 Ne8 23. Qc5 Qd6 24. Qxd6 Nxd6 25. Re7 Nxb7 26. Rexb7 Rxb7 27.
Rxb7 Rc8 28. c7 Kh7 29. Rxa7 Kg6 30. Kf1 Re8 31. Ra6+ Kf5 1-0

[Event "23rd International Grunwald Cup (blind)"]
[Site "Dadaj"]
[Date "2008.09.26"]
[Round "6.15"]
[White "Rutkowski, Eugeniusz"]
[Black "Debowska, Teresa"]
[Result "1-0"]
[WhiteElo "1964"]
[BlackElo "1916"]
[PlyCount "142"]
[EventDate "2008.??.??"]

1. d4 c5 2. d5 e5 3. c4 d6 4. Nc3 Be7 5. e4 Bg5 6. Be2 Bxc1 7. Qxc1 Nh6 8. h3
O-O 9. Nf3 Na6 10. a3 Nc7 11. b4 b6 12. g4 f6 13. Nh2 Bd7 14. f4 exf4 15. Qxf4
Nf7 16. Nf3 Ne5 17. Nd2 Qe7 18. Rg1 Ng6 19. Qg3 Qe5 20. Qxe5 Nxe5 21. h4 Rae8
22. b5 a6 23. a4 axb5 24. axb5 Ra8 25. Rc1 Ng6 26. h5 Ne5 27. Rg3 Ra3 28. Kf2
Ne8 29. Kg2 h6 30. Ndb1 Ra5 31. Nd2 Kh7 32. Nf1 Ra3 33. Ne3 Rb3 34. Na4 Nd3 35.
Bxd3 Rxd3 36. Nxb6 Rd2+ 37. Kf3 Rf7 38. Ra1 g6 39. hxg6+ Kxg6 40. Ra8 Ng7 41.
Rd8 Be8 42. Rxd6 Kg5 43. Rg2 Rd3 44. Nc8 Bd7 45. Nb6 Be8 46. Rd8 Re7 47. d6 Re6
48. Nbd5 Bg6 49. e5 Rxe5 50. Ke2 Ne6 51. Rg8 Nf4+ 52. Kf1 Nxg2 53. Kxg2 Rexe3
54. Nxe3 Rxd6 55. Nd5 Re6 56. b6 Re2+ 57. Kf3 Rb2 58. Rg7 Rb3+ 59. Kf2 Rb2+ 60.
Ke3 f5 61. gxf5 Kxf5 62. b7 Bh5 63. Rc7 Rb3+ 64. Kd2 Ke5 65. Kc2 Bd1+ 66. Kxd1
Kd4 67. Ne7 Kxc4 68. Nc6 Kd3 69. Rd7+ Kc3 70. b8=Q Rxb8 71. Nxb8 c4 1-0

[Event "23rd International Grunwald Cup (blind)"]
[Site "Dadaj"]
[Date "2008.09.26"]
[Round "6.16"]
[White "Wyrzykowski, Jozef"]
[Black "Wolak, Tomasz"]
[Result "1/2-1/2"]
[WhiteElo "1786"]
[BlackElo "1971"]
[PlyCount "43"]
[EventDate "2008.??.??"]

1. g3 Nc6 2. d4 e5 3. dxe5 Nxe5 4. Bg2 Bc5 5. Nf3 Nxf3+ 6. Bxf3 c6 7. e3 d5 8.
O-O Nf6 9. Nc3 Bf5 10. Re1 O-O 11. e4 dxe4 12. Qxd8 Raxd8 13. Nxe4 Nxe4 14.
Bxe4 Rfe8 15. Be3 Rxe4 16. Bxc5 Rc4 17. Bxa7 Rxc2 18. Bd4 Be6 19. Bc3 h6 20. a3
Rd5 21. Rac1 Rxc1 22. Rxc1 1/2-1/2

[Event "23rd International Grunwald Cup (blind)"]
[Site "Dadaj"]
[Date "2008.09.26"]
[Round "6.18"]
[White "Dziobek, Jerzy"]
[Black "Traczyk, Tadeusz"]
[Result "1/2-1/2"]
[WhiteElo "1863"]
[BlackElo "1971"]
[PlyCount "78"]
[EventDate "2008.??.??"]

1. d4 Nf6 2. Nf3 e6 3. Nbd2 d5 4. c3 Be7 5. Qc2 Nbd7 6. e4 dxe4 7. Nxe4 Nxe4 8.
Qxe4 Nf6 9. Qc2 O-O 10. Bd3 h6 11. Bf4 b6 12. O-O Bb7 13. Ne5 Bd6 14. Qd2 Be4
15. Rfe1 Bxd3 16. Qxd3 Nh5 17. Bd2 Nf6 18. Qh3 Nh7 19. Re4 Ng5 20. Bxg5 hxg5
21. Rae1 Re8 22. Qh5 Qf6 23. Nf3 Be7 24. Ne5 g6 25. Qe2 Bd6 26. Ng4 Qg7 27. Re3
Re7 28. Qf3 Rae8 29. Nf6+ Kf8 30. Nxe8 Rxe8 31. Rxe6 Rd8 32. Qf6 Qxf6 33. Rxf6
g4 34. Rxd6 Rxd6 35. Re2 f5 36. g3 Kf7 37. Kg2 Kf6 38. f3 gxf3+ 39. Kxf3 g5
1/2-1/2

[Event "23rd International Grunwald Cup (blind)"]
[Site "Dadaj"]
[Date "2008.09.26"]
[Round "6.19"]
[White "Kulik, Roman"]
[Black "Hodowany, Wojciech"]
[Result "1/2-1/2"]
[WhiteElo "1888"]
[BlackElo "1870"]
[PlyCount "47"]
[EventDate "2008.??.??"]

1. d4 Nf6 2. Nf3 e6 3. e3 Be7 4. Bd3 O-O 5. Nbd2 Nc6 6. c3 d6 7. e4 b6 8. O-O
Bb7 9. Qc2 e5 10. d5 Nb8 11. Re1 a5 12. Nf1 Nbd7 13. Bd2 c6 14. c4 Re8 15. Qd1
Nc5 16. Be2 Bf8 17. Bg5 h6 18. Bxf6 Qxf6 19. N1d2 cxd5 20. cxd5 Ba6 21. Rc1 Qd8
22. Bxa6 Nxa6 23. Qb3 Nc5 24. Qb5 1/2-1/2

[Event "23rd International Grunwald Cup (blind)"]
[Site "Dadaj"]
[Date "2008.09.27"]
[Round "7.1"]
[White "Dukaczewski, Piotr"]
[Black "Draghici Flutur, Gavril"]
[Result "1-0"]
[WhiteElo "2351"]
[BlackElo "2111"]
[PlyCount "85"]
[EventDate "2008.??.??"]

1. e4 c5 2. Nf3 Nc6 3. d4 cxd4 4. Nxd4 Nf6 5. Nc3 d6 6. Bc4 e6 7. Be3 Bd7 8.
Qe2 Rc8 9. Bb3 a6 10. O-O-O Na5 11. f3 Be7 12. g4 O-O 13. g5 Nh5 14. f4 g6 15.
Qf2 b5 16. Nce2 e5 17. fxe5 dxe5 18. Nf3 Nxb3+ 19. axb3 Qc7 20. Rd2 Be6 21. Kb1
f5 22. gxf6 Rxf6 23. Qg2 Bb4 24. c3 Bc5 25. Bg5 Rf7 26. Kc2 Qb7 27. b4 Qxe4+
28. Kc1 Rxf3 29. bxc5 Rxc3+ 30. Nxc3 Qxg2 31. Rxg2 Rxc5 32. Kd2 b4 33. Ne4 Rc4
34. Re1 Nf4 35. Bxf4 exf4 36. Nf6+ Kf7 37. Nxh7 Bd5 38. Rge2 b3 39. Rf2 Rd4+
40. Kc3 Rc4+ 41. Kd3 Kg7 42. Ng5 Kh6 43. h4 1-0

[Event "23rd International Grunwald Cup (blind)"]
[Site "Dadaj"]
[Date "2008.09.27"]
[Round "7.2"]
[White "Falkowski, Dawid"]
[Black "Desanjose Candalija, Eduardo"]
[Result "1-0"]
[WhiteElo "2002"]
[BlackElo "2310"]
[PlyCount "31"]
[EventDate "2008.??.??"]

1. e4 g6 2. Nc3 Bg7 3. f4 d6 4. Nf3 a6 5. a4 Nf6 6. Be2 O-O 7. O-O c5 8. d4
cxd4 9. Nxd4 Nc6 10. Be3 Bd7 11. Nb3 Na5 12. e5 Ne8 13. Nxa5 Qxa5 14. Nd5 e6
15. Nb6 Rd8 16. c3 1-0

[Event "23rd International Grunwald Cup (blind)"]
[Site "Dadaj"]
[Date "2008.09.27"]
[Round "7.3"]
[White "Baloha, Mykhailo"]
[Black "Wassin, Sergej"]
[Result "1-0"]
[WhiteElo "2170"]
[BlackElo "2325"]
[PlyCount "65"]
[EventDate "2008.??.??"]

1. e4 c5 2. Nf3 Nc6 3. d4 cxd4 4. Nxd4 Qb6 5. Nb3 Nf6 6. Nc3 e6 7. Be3 Qc7 8.
f4 d6 9. g4 a6 10. Qe2 b5 11. a3 Be7 12. O-O-O Bb7 13. g5 Nd7 14. Bg2 b4 15.
axb4 Nxb4 16. Bd4 e5 17. Be3 exf4 18. Bxf4 Ne5 19. h4 O-O-O 20. Nd5 Nxd5 21.
exd5 Rhe8 22. Rd4 Kb8 23. Bxe5 dxe5 24. Rc4 Qd6 25. Na5 Rd7 26. Nc6+ Bxc6 27.
Rxc6 Qb4 28. Rh3 Rb7 29. Rb3 Qf4+ 30. Kb1 Rxb3 31. cxb3 Bd8 32. d6 e4 33. d7
1-0

[Event "23rd International Grunwald Cup (blind)"]
[Site "Dadaj"]
[Date "2008.09.27"]
[Round "7.5"]
[White "Zoltek, Tadeusz"]
[Black "Schellmann, Frank"]
[Result "1-0"]
[WhiteElo "2218"]
[BlackElo "2149"]
[PlyCount "75"]
[EventDate "2008.??.??"]

1. d4 f5 2. e4 fxe4 3. Nc3 Nf6 4. f3 d5 5. fxe4 dxe4 6. Bg5 Nc6 7. Bb5 a6 8.
Bxc6+ bxc6 9. Bxf6 exf6 10. Nxe4 Bb4+ 11. Kf2 O-O 12. Nf3 Qd5 13. c3 Bf5 14.
Ng3 Bd6 15. Qb3 Be6 16. Qxd5 cxd5 17. Ne1 c5 18. Nd3 c4 19. Rhe1 Kf7 20. Nc5
Bxc5 21. dxc5 Rfc8 22. b4 cxb3 23. axb3 Rxc5 24. Re3 Rb5 25. Ne2 Rxb3 26. Rxe6
Rxc3 27. Rd6 Rc2 28. Rxd5 Re8 29. Re1 Ra2 30. Rd7+ Kg6 31. Kf1 Kh6 32. Rd3 g5
33. Rd6 Kg7 34. Rd7+ Kh6 35. Rd6 Kg7 36. Rd7+ Kh6 37. g4 Re4 38. Ng3 1-0

[Event "23rd International Grunwald Cup (blind)"]
[Site "Dadaj"]
[Date "2008.09.27"]
[Round "7.6"]
[White "Suder, Ryszard"]
[Black "Palacios Perez, Manuel"]
[Result "0-1"]
[WhiteElo "2183"]
[BlackElo "2195"]
[PlyCount "160"]
[EventDate "2008.??.??"]

1. e4 e6 2. d4 d5 3. e5 c5 4. c3 Qb6 5. Nf3 Bd7 6. Be2 cxd4 7. cxd4 Bb5 8. Nc3
Bxe2 9. Qxe2 Nc6 10. O-O Nge7 11. Be3 Nf5 12. Qd3 Nb4 13. Qb1 Qd8 14. a3 Nc6
15. b4 Be7 16. Qd3 O-O 17. Rac1 Qd7 18. g4 Nxe3 19. fxe3 a5 20. b5 Na7 21. a4
Nc8 22. e4 Nb6 23. exd5 Nxd5 24. Nxd5 Qxd5 25. Rc7 Bd8 26. Rc5 Qd7 27. Qe4 Bb6
28. Rc4 Rac8 29. Rfc1 Rxc4 30. Rxc4 g6 31. Kg2 Kg7 32. Rc3 Qe7 33. Rc4 Rd8 34.
g5 Rd5 35. Qf4 Rd8 36. h3 Kg8 37. Nh2 Kf8 38. Nf3 Qa3 39. Qc1 Qxc1 40. Rxc1
Bxd4 41. Rc7 b6 42. Nxd4 Rxd4 43. Rc6 Rxa4 44. Rxb6 Re4 45. Rb8+ Kg7 46. Kf3
Rxe5 47. h4 a4 48. Kf4 Rd5 49. b6 Rb5 50. Ra8 Rxb6 51. Rxa4 Rb1 52. Ra7 Rb4+
53. Kg3 Rb3+ 54. Kf4 Rb1 55. Kg3 Rg1+ 56. Kf3 Rf1+ 57. Kg4 h5+ 58. Kg3 Rg1+ 59.
Kh2 Rg4 60. Kh3 Rd4 61. Kg3 Kf8 62. Rb7 Ke8 63. Ra7 Rd7 64. Ra4 Ke7 65. Kf4 Rd3
66. Ra7+ Kf8 67. Ra4 Rh3 68. Ke5 Kg7 69. Rf4 Re3+ 70. Kd6 Ra3 71. Ke7 Ra7+ 72.
Ke8 e5 73. Rf1 Kg8 74. Re1 Ra6 75. Kd7 Kf8 76. Kd8 Rd6+ 77. Kc7 Rd4 78. Rxe5
Rxh4 79. Ra5 Rd4 80. Kc6 Kg7 0-1

[Event "23rd International Grunwald Cup (blind)"]
[Site "Dadaj"]
[Date "2008.09.27"]
[Round "7.7"]
[White "Ivchenko, Anatoly"]
[Black "Grigorchuk, Sergey"]
[Result "1-0"]
[WhiteElo "2066"]
[BlackElo "2244"]
[PlyCount "61"]
[EventDate "2008.??.??"]

1. d4 e6 2. c4 b6 3. Nc3 Bb7 4. e4 Bb4 5. Bd3 f5 6. Qh5+ g6 7. Qe2 Nc6 8. Nf3
fxe4 9. Bxe4 Qf6 10. Bg5 Qg7 11. O-O h6 12. Bf4 Bxc3 13. bxc3 O-O-O 14. Ne5
Nce7 15. Bxb7+ Kxb7 16. a4 g5 17. Be3 d6 18. Nd3 Nc6 19. Rfb1 Nge7 20. a5 Qg6
21. axb6 axb6 22. c5 Nd5 23. cxb6 cxb6 24. Qc2 Kc7 25. c4 Nxe3 26. fxe3 Ra8 27.
Qb3 Rab8 28. Nb4 Qe4 29. Na6+ Kd7 30. Nxb8+ Rxb8 31. d5 1-0

[Event "23rd International Grunwald Cup (blind)"]
[Site "Dadaj"]
[Date "2008.09.27"]
[Round "7.8"]
[White "Vela Ignacio, Jose Manuel"]
[Black "Chojnowski, Marcin"]
[Result "0-1"]
[WhiteElo "2103"]
[BlackElo "2171"]
[PlyCount "50"]
[EventDate "2008.??.??"]

1. e4 c5 2. Nf3 d6 3. c3 Nf6 4. h3 Nc6 5. Bd3 d5 6. exd5 Qxd5 7. Qe2 Bf5 8.
Bxf5 Qxf5 9. d4 cxd4 10. Nxd4 Nxd4 11. cxd4 e6 12. Nc3 Bb4 13. a3 Ba5 14. O-O
O-O 15. Be3 Nd5 16. Rac1 Nxc3 17. bxc3 b5 18. a4 a6 19. axb5 axb5 20. Rb1 Bxc3
21. Rxb5 Qe4 22. f3 Qh4 23. Qd3 Ra3 24. Bg5 Bxd4+ 25. Kh1 Qxg5 0-1

[Event "23rd International Grunwald Cup (blind)"]
[Site "Dadaj"]
[Date "2008.09.27"]
[Round "7.9"]
[White "Mueller, Manfred"]
[Black "Wojcieszyn, Zdzislaw"]
[Result "1/2-1/2"]
[WhiteElo "2116"]
[BlackElo "2100"]
[PlyCount "46"]
[EventDate "2008.??.??"]

1. e4 c5 2. Nf3 Nc6 3. d4 cxd4 4. Nxd4 Nf6 5. Nc3 e6 6. Ndb5 Bb4 7. a3 Bxc3+ 8.
Nxc3 d5 9. exd5 exd5 10. Bd3 O-O 11. O-O h6 12. Bf4 a5 13. Re1 Bg4 14. Qd2 d4
15. Ne4 Nxe4 16. Bxe4 Qf6 17. Bxc6 Qxc6 18. Qxd4 Qxc2 19. Bxh6 Qg6 20. h3 Be6
21. Bf4 Bxh3 22. Qe4 Qxe4 23. Rxe4 Be6 1/2-1/2

[Event "23rd International Grunwald Cup (blind)"]
[Site "Dadaj"]
[Date "2008.09.27"]
[Round "7.10"]
[White "Clemente Llamero, Roberto"]
[Black "Bakalarczyk, Wlodzimierz"]
[Result "1-0"]
[WhiteElo "2097"]
[BlackElo "2001"]
[PlyCount "59"]
[EventDate "2008.??.??"]

1. e4 c5 2. Nf3 e6 3. d4 cxd4 4. Nxd4 a6 5. c4 Nf6 6. Nc3 d6 7. Be2 Be7 8. O-O
Nc6 9. Be3 Bd7 10. Rc1 O-O 11. f3 Re8 12. Kh1 Nxd4 13. Qxd4 Bc6 14. Rfd1 Qa5
15. Rb1 Rad8 16. b4 Qe5 17. a4 Qxd4 18. Bxd4 Ra8 19. a5 Rec8 20. b5 axb5 21.
cxb5 Be8 22. a6 bxa6 23. b6 Bc6 24. b7 Bxb7 25. Rxb7 Bf8 26. Na4 Rc2 27. Bd3
Ra2 28. Nb6 Rd8 29. Ra7 e5 30. Bc4 1-0

[Event "23rd International Grunwald Cup (blind)"]
[Site "Dadaj"]
[Date "2008.09.27"]
[Round "7.11"]
[White "Boese, Artur"]
[Black "Ciula, Edward"]
[Result "0-1"]
[WhiteElo "1943"]
[BlackElo "2044"]
[PlyCount "72"]
[EventDate "2008.??.??"]

1. Nf3 Nf6 2. g3 d5 3. Bg2 e6 4. O-O Bd6 5. c4 c6 6. d4 O-O 7. Nc3 Nbd7 8. c5
Bc7 9. b4 e5 10. b5 e4 11. Nh4 Ng4 12. Nf5 Qf6 13. Ne3 Nxe3 14. Bxe3 Qg6 15.
Qc1 f5 16. Bf4 Bxf4 17. Qxf4 Qf6 18. h4 Qxd4 19. bxc6 bxc6 20. Rac1 Qf6 21. f3
Ba6 22. Rfd1 Ne5 23. Nb1 Bxe2 24. Re1 Bxf3 25. Nd2 Bxg2 26. Kxg2 Nd3 27. Qd6
Qxd6 28. cxd6 Nxe1+ 29. Rxe1 Rad8 30. Rb1 Rxd6 31. Rb7 f4 32. Rxa7 f3+ 33. Kf2
Re6 34. Nf1 d4 35. Rd7 e3+ 36. Ke1 f2+ 0-1

[Event "23rd International Grunwald Cup (blind)"]
[Site "Dadaj"]
[Date "2008.09.27"]
[Round "7.12"]
[White "Salamon, Jan"]
[Black "Rutkowski, Eugeniusz"]
[Result "1/2-1/2"]
[WhiteElo "1889"]
[BlackElo "1964"]
[PlyCount "40"]
[EventDate "2008.??.??"]

1. c4 e5 2. Nc3 g6 3. d4 exd4 4. Qxd4 Qf6 5. Nf3 Qxd4 6. Nxd4 c6 7. Bg5 h6 8.
Bh4 Bg7 9. O-O-O Nf6 10. Bxf6 Bxf6 11. Ne4 Be7 12. Nc2 O-O 13. Nd6 Bxd6 14.
Rxd6 c5 15. e3 Nc6 16. Be2 Rb8 17. Rhd1 Ne7 18. Ne1 Kg7 19. b3 b6 20. g4 a6
1/2-1/2

[Event "23rd International Grunwald Cup (blind)"]
[Site "Dadaj"]
[Date "2008.09.27"]
[Round "7.13"]
[White "Renkowski, Piotr"]
[Black "Sargalski, Andrzej"]
[Result "0-1"]
[WhiteElo "1622"]
[BlackElo "1943"]
[PlyCount "132"]
[EventDate "2008.??.??"]

1. e4 e5 2. Nf3 Nc6 3. Bc4 Bc5 4. c3 Nf6 5. d4 exd4 6. cxd4 Bb4+ 7. Nc3 d5 8.
exd5 Nxd5 9. O-O Bxc3 10. bxc3 O-O 11. Ng5 h6 12. Qf3 Nf6 13. Ne4 Nxe4 14. Qxe4
Na5 15. Bd3 f5 16. Qf3 Be6 17. Ba3 Rf7 18. Rfe1 Bd5 19. Qf4 Nc4 20. Bxc4 Bxc4
21. h3 Qd7 22. Qe5 a6 23. Qc5 b5 24. Bb2 Raf8 25. f4 Bd3 26. Re3 Be4 27. Rg3
Rf6 28. Re1 Rc6 29. Qb4 Rff6 30. Ree3 Rc4 31. Qb3 Qd6 32. a4 c6 33. axb5 cxb5
34. Qa3 Qc7 35. Qa2 Kh7 36. Qa3 Qxf4 37. Qe7 Rg6 38. Kh2 Rc7 39. Qe5 Qxe5 40.
dxe5 Re6 41. Re2 Rxe5 42. c4 Ree7 43. cxb5 axb5 44. Rb3 Rb7 45. g4 Rec7 46.
gxf5 Bxf5 47. Kg3 Rd7 48. Re5 Rd3+ 49. Rxd3 Bxd3 50. h4 Rf7 51. Re3 Bc4 52. Rf3
Rxf3+ 53. Kxf3 g5 54. hxg5 hxg5 55. Kg4 Kg6 56. Be5 Be2+ 57. Kg3 Kf5 58. Bd6
Ke4 59. Kf2 Kd3 60. Ke1 g4 61. Kf2 Bf3 62. Ke1 Kc3 63. Be5+ Kc4 64. Kd2 b4 65.
Kc2 b3+ 66. Kb2 Bd5 0-1

[Event "23rd International Grunwald Cup (blind)"]
[Site "Dadaj"]
[Date "2008.09.27"]
[Round "7.14"]
[White "Kardasz, Wladyslaw"]
[Black "Staruch, Roman"]
[Result "0-1"]
[WhiteElo "1928"]
[BlackElo "2036"]
[PlyCount "80"]
[EventDate "2008.??.??"]

1. d4 Nf6 2. Nc3 d5 3. Bg5 Nbd7 4. Qd3 c6 5. Nf3 Qc7 6. e4 dxe4 7. Nxe4 Nd5 8.
c4 N5f6 9. Nc3 g6 10. Be2 Bg7 11. O-O O-O 12. Rad1 e5 13. d5 Qd6 14. Qd2 Nc5
15. Bxf6 Qxf6 16. Qe3 Nd7 17. Ne4 Qd8 18. dxc6 bxc6 19. b3 Qc7 20. Nd6 Bb7 21.
c5 a5 22. Nd2 Ba6 23. Bxa6 Rxa6 24. N2c4 Qa7 25. Ne4 f5 26. Ng5 Nxc5 27. Nxe5
Qe7 28. f4 Re8 29. Ngf3 Nd7 30. Qd3 Nc5 31. Qc4+ Kf8 32. Rd6 Qa7 33. Rd7 Nxd7+
34. Kh1 Nxe5 35. Nxe5 Bxe5 36. fxe5 Rxe5 37. Qd3 c5 38. Qd8+ Re8 39. Qg5 Rae6
40. h4 Qe7 0-1

[Event "23rd International Grunwald Cup (blind)"]
[Site "Dadaj"]
[Date "2008.09.27"]
[Round "7.16"]
[White "Debowska, Teresa"]
[Black "Wyrzykowski, Jozef"]
[Result "1-0"]
[WhiteElo "1916"]
[BlackElo "1786"]
[PlyCount "39"]
[EventDate "2008.??.??"]

1. e4 e5 2. d4 exd4 3. Qxd4 Nc6 4. Qe3 d6 5. Bd2 Be7 6. Nc3 Bf6 7. f4 h6 8. Bc4
Nge7 9. Nf3 Ng6 10. O-O-O Bxc3 11. Bxc3 f6 12. e5 Qe7 13. e6 b6 14. Qe4 O-O 15.
Qxg6 Bxe6 16. Rhe1 Nd8 17. Bxe6+ Nxe6 18. f5 Nf4 19. Rxe7 Nxg6 20. fxg6 1-0

[Event "23rd International Grunwald Cup (blind)"]
[Site "Dadaj"]
[Date "2008.09.27"]
[Round "7.18"]
[White "Traczyk, Tadeusz"]
[Black "Kulik, Roman"]
[Result "1/2-1/2"]
[WhiteElo "1971"]
[BlackElo "1888"]
[PlyCount "28"]
[EventDate "2008.??.??"]

1. e4 c6 2. d4 d5 3. exd5 cxd5 4. c4 Nf6 5. Nc3 e6 6. Nf3 Be7 7. c5 O-O 8. Ne5
Nfd7 9. f4 Nxe5 10. fxe5 f6 11. exf6 Bxf6 12. Bf4 Nc6 13. Ne2 Bg5 14. Bg3 Qf6
1/2-1/2

[Event "23rd International Grunwald Cup (blind)"]
[Site "Dadaj"]
[Date "2008.09.27"]
[Round "7.19"]
[White "Hodowany, Wojciech"]
[Black "Fries, Elisabeth"]
[Result "1-0"]
[WhiteElo "1870"]
[BlackElo "1738"]
[PlyCount "117"]
[EventDate "2008.??.??"]

1. d4 f5 2. Nc3 Nf6 3. Nf3 g6 4. Bg5 e6 5. e4 Be7 6. exf5 exf5 7. Bc4 d5 8.
Bxf6 Bxf6 9. Qe2+ Qe7 10. Bxd5 Qxe2+ 11. Nxe2 c6 12. Bb3 Nd7 13. O-O Nf8 14.
Nf4 Bd7 15. Rfe1+ Kd8 16. Nd3 Kc7 17. Nde5 Be6 18. Bxe6 Nxe6 19. c3 Rhe8 20.
Nc4 Rad8 21. Rad1 Nf4 22. Ne3 Re7 23. g3 Nd5 24. Nxd5+ Rxd5 25. Rxe7+ Bxe7 26.
Ne5 c5 27. Nf3 cxd4 28. Rxd4 Rxd4 29. Nxd4 Kd7 30. Kf1 a6 31. h4 Kd6 32. h5 Kd5
33. hxg6 hxg6 34. f3 Bf6 35. Nc2 g5 36. Ke2 a5 37. Kd3 b5 38. b3 Kc5 39. Ne3 f4
40. gxf4 gxf4 41. Nd1 Be5 42. Ke4 Bd6 43. Nf2 Bf8 44. Nd3+ Kc6 45. Nxf4 Bg7 46.
c4 bxc4 47. bxc4 Kd6 48. Nd5 Kc5 49. Kd3 Bf8 50. f4 Kd6 51. f5 Ke5 52. f6 Bc5
53. Kc3 a4 54. Kd3 Bd6 55. Nc3 a3 56. Ne4 Bf8 57. f7 Be7 58. c5 Kd5 59. Ng5 1-0